An introduction to observational astrophysics (Record no. 36058)

MARC details
000 -LEADER
fixed length control field 00612 a2200217 4500
003 - CONTROL NUMBER IDENTIFIER
control field IN-BaIIA
005 - DATE AND TIME OF LATEST TRANSACTION
control field 20241118132144.0
008 - FIXED-LENGTH DATA ELEMENTS--GENERAL INFORMATION
fixed length control field 240921b |||||||| |||| 00| 0 eng d
020 ## - INTERNATIONAL STANDARD BOOK NUMBER
International Standard Book Number 978-3-030-43550-9
040 ## - CATALOGING SOURCE
Transcribing agency IIA Library
080 ## - UNIVERSAL DECIMAL CLASSIFICATION NUMBER
Universal Decimal Classification number 52-13
Item number GAC
100 ## - MAIN ENTRY--PERSONAL NAME
Personal name Gallaway, Mark
9 (RLIN) 49156
245 ## - TITLE STATEMENT
Title An introduction to observational astrophysics
Statement of responsibility, etc. by Mark Gallaway
250 ## - EDITION STATEMENT
Edition statement 2nd ed.
260 ## - PUBLICATION, DISTRIBUTION, ETC.
Place of publication, distribution, etc. Switzerland
Name of publisher, distributor, etc. Springer Nature
Date of publication, distribution, etc. 2020
300 ## - PHYSICAL DESCRIPTION
Extent xviii, 236p.
490 ## - SERIES STATEMENT
Series statement Undergraduate Lecture Notes in Physics
650 ## - SUBJECT ADDED ENTRY--TOPICAL TERM
Topical term or geographic name entry element Astrophysics
9 (RLIN) 794
650 ## - SUBJECT ADDED ENTRY--TOPICAL TERM
Topical term or geographic name entry element Astronomy
9 (RLIN) 80
942 ## - ADDED ENTRY ELEMENTS (KOHA)
Source of classification or shelving scheme Universal Decimal Classification
Koha item type Books
Holdings
Withdrawn status Lost status Source of classification or shelving scheme Damaged status Not for loan Home library Current library Shelving location Date acquired Source of acquisition Cost, normal purchase price Total Checkouts Full call number Barcode Date last seen Cost, replacement price Price effective from Koha item type Purchase Price
    Universal Decimal Classification     IIA Library-Bangalore IIA Library-Bangalore General Stacks 29/08/2024 7 3901.99   52-13/ GAC 20666 20/09/2024 4590.58 20/09/2024 Books  

Powered by Koha